00826nab a2200169 i 4500001001000000003001000010005001700020008004100037040003000078041000800108100002700116245007000143520025700213650001300470650001600483773015700499768714001CO-MdFUSB20240509144952.0240508t1968 sp ||||| |||| 00| 0 spa d bspacCO-MdFUSBdCO-MdFUSB aspa aHucke, Helmut, eautor 3aLa instrucción sobre la música en la liturgiac/ Helmut Hucke aEl 5 de marzo de 1967, domínica «laetare», apareció la Instrucción Musicam sacram sobre la música en la liturgia. Después se ha sabido esta que Instrucción había tenido una prehistoria muy movida. Este es un boletón sobre la liturgia 7aLiturgia 0aAdoración0 049450oR2522tRevista internacional de teología Conciliumw(CO-MdFUSB)8x0210-1041gNúmero 32, (febrero, 1968), páginas: 283 - 302qpágina: 283